Flaggenpuzzle #2 - Statistiken

Allgemein
  • Dieses Quiz wurde 33 mal gespielt
  • Das Durchschnittsergebnis liegt bei 35 aus 45
Antwortstatistiken
Frage Kachel Select % Korrekt
Wähle alle Teile der Flagge Costa Ricas aus Nein
97%
Wähle alle Teile der Flagge Costa Ricas aus Nein
93%
Wähle alle Teile der Flagge Mosambiks aus Nein
93%
Wähle alle Teile der Flagge Costa Ricas aus Nein
90%
Wähle alle Teile der Flagge Costa Ricas aus Nein
90%
Wähle alle Teile der Flagge Mosambiks aus Ja
90%
Wähle alle Teile der Flagge Mosambiks aus Nein
90%
Wähle alle Teile der Flagge Mosambiks aus Nein
90%
Wähle alle Teile der Flagge Usbekistans aus Nein
90%
Wähle alle Teile der Flagge Usbekistans aus Nein
90%
Wähle alle Teile der Flagge Venezuelas aus Nein
90%
Wähle alle Teile der Flagge Venezuelas aus Nein
90%
Wähle alle Teile der Flagge Kroatiens aus Nein
86%
Wähle alle Teile der Flagge Kroatiens aus Nein
86%
Wähle alle Teile der Flagge Mosambiks aus Nein
86%
Wähle alle Teile der Flagge Mosambiks aus Nein
86%
Wähle alle Teile der Flagge Mosambiks aus Nein
86%
Wähle alle Teile der Flagge Usbekistans aus Nein
86%
Wähle alle Teile der Flagge Venezuelas aus Nein
86%
Wähle alle Teile der Flagge Venezuelas aus Nein
86%
Wähle alle Teile der Flagge Kroatiens aus Nein
83%
Wähle alle Teile der Flagge Kroatiens aus Nein
83%
Wähle alle Teile der Flagge Usbekistans aus Nein
83%
Wähle alle Teile der Flagge Venezuelas aus Nein
83%
Wähle alle Teile der Flagge Costa Ricas aus Nein
79%
Wähle alle Teile der Flagge Costa Ricas aus Nein
79%
Wähle alle Teile der Flagge Kroatiens aus Nein
79%
Wähle alle Teile der Flagge Usbekistans aus Nein
79%
Wähle alle Teile der Flagge Venezuelas aus Nein
76%
Wähle alle Teile der Flagge Costa Ricas aus Ja
72%
Wähle alle Teile der Flagge Costa Ricas aus Ja
72%
Wähle alle Teile der Flagge Venezuelas aus Ja
72%
Wähle alle Teile der Flagge Venezuelas aus Ja
72%
Wähle alle Teile der Flagge Kroatiens aus Ja
69%
Wähle alle Teile der Flagge Mosambiks aus Ja
69%
Wähle alle Teile der Flagge Usbekistans aus Ja
69%
Wähle alle Teile der Flagge Usbekistans aus Nein
69%
Wähle alle Teile der Flagge Kroatiens aus Nein
66%
Wähle alle Teile der Flagge Kroatiens aus Ja
62%
Wähle alle Teile der Flagge Usbekistans aus Ja
62%
Wähle alle Teile der Flagge Kroatiens aus Ja
59%
Wähle alle Teile der Flagge Mosambiks aus Ja
55%
Wähle alle Teile der Flagge Venezuelas aus Ja
48%
Wähle alle Teile der Flagge Usbekistans aus Ja
41%
Wähle alle Teile der Flagge Costa Ricas aus Ja
38%
Keine übereinstimmenden Quizze gefunden
Verteilung der Resultate
Anzahl Personen mit jedem Resultat
Perzentil nach korrekt beantworteten Fragen
Ihre Resultats-Entwicklung
Sie haben dieses Quiz noch nicht gespielt